000 00842nam a2200253Ia 4500
003 OSt
005 20220926023717.0
006 a|||||r|||| 00| 0
007 ta
008 220923b |||||||| |||| 00| 0 ger d
037 _cGeneral Book
040 _aRTL
_cRTL
_bger
041 _2ger
_ager
082 _aX:512.73.N5, J8
110 _aAmerican Management Association Research and Development (Division)
_9329496
245 0 _aHow to plan products that sell
_b Guides for develo
260 _aNY
_bA M A
_c1958
300 _a148p
_ccm.
490 _aAmerican Management Association, management report.13
650 _aMarketing Survey
_9242940
700 _aAmerican Management Association Research and Development (Division)
_9329497
942 _hX:512.73.N5, J8
_cGB
_2CC
999 _c642161
_d642161